| 000 | 00484nam a22001937a 4500 | ||
|---|---|---|---|
| 003 | OSt | ||
| 005 | 20161202145722.0 | ||
| 008 | 161202b xxu||||| |||| 00| 0 eng d | ||
| 020 | _a0521658381 | ||
| 040 | _cDDC | ||
| 082 | _a536.7 BAI 1999 | ||
| 100 |
_aBaierlein, Ralph _98097 |
||
| 245 | _aThermal Physics | ||
| 260 | _aCambridge University Press, 1999 | ||
| 300 | _axiii,442p;ill: 25cm | ||
| 504 | _aIndex included | ||
| 650 |
_aThermal Physics _911335 |
||
| 942 |
_2ddc _cO_SHELF |
||
| 999 |
_c5422 _d5422 |
||